| 000 | 00902nam a22002771 4500 | ||
|---|---|---|---|
| 001 | 20272 | ||
| 003 | BD-RjUL | ||
| 005 | 20211209000537.0 | ||
| 008 | 140227s19531912enk b 001 0 eng | ||
| 035 | _a(BD-RjUL)20334 | ||
| 035 | _a(OCoLC)2617813 | ||
| 040 |
_aDLC _cMiMarqN _dMiMarqN _dOCoLC _dDLC _dBD-RjUL _beng |
||
| 041 | _aeng | ||
| 082 |
_a290 _bBUA 1953 |
||
| 100 | 1 |
_aBulfinch, Thomas, _d1796-1867. _962475 |
|
| 245 | 1 | 4 |
_aThe age of fable / _cThomas Bulfinch. |
| 260 |
_aLondon ; _bJ.M. Dent & sons, ltd. ; _aNew York : _bE.P. Dutton & co., inc., _c1953. |
||
| 300 |
_ax, 371 p. ; _c17 cm. |
||
| 490 | 0 | _aEveryman's library. For young people. [no. 472] | |
| 500 | _a"First published in this edition 1920; reprinted ... 1931." | ||
| 504 | _a"The works of Thomas Bulfinch": p. viii. | ||
| 650 | 0 |
_aMythology. _962476 |
|
| 942 |
_2ddc _cBK |
||
| 999 |
_c20272 _d20272 |
||